Hoàn thiện pháp luật tố tụng hình sự nhằm bảo vệ quyền con người quyền công dân phù hợp Công ước chống tra tấn của Liên Hiệp Quốc /
Saved in:
| Main Author: | |
|---|---|
| Format: | Article |
| Language: | Vietnamese |
| Subjects: | |
| Tags: |
Add Tag
No Tags, Be the first to tag this record!
|
| Institutions: | Thư viện Trường Đại học Đà Lạt |
|---|
| LEADER | 00870nam a2200253 4500 | ||
|---|---|---|---|
| 001 | DLU210195864 | ||
| 005 | ##20210323 | ||
| 040 | # | # | |a DLU |b vie |
| 041 | # | # | |a vie |
| 044 | # | # | |a vn |
| 100 | # | # | |a Lê Ngọc Duy. |
| 245 | # | # | |a Hoàn thiện pháp luật tố tụng hình sự nhằm bảo vệ quyền con người quyền công dân phù hợp Công ước chống tra tấn của Liên Hiệp Quốc / |c Lê Ngọc Duy. |
| 653 | # | # | |a Công ước chống tra tấn |
| 653 | # | # | |a Luật tố tụng hình sự |
| 653 | # | # | |a Quyền con người |
| 773 | # | # | |t Nghề luật |g Số 1, 2016, tr. 47-50 |
| 920 | # | # | |a Phòng Tạp chí -- Trung tâm Thông tin - Thư viện Trường Đại học Đà Lạt |
| 900 | # | # | |a True |
| 911 | # | # | |a Nguyễn Thị Thu Phương |
| 925 | # | # | |a G |
| 926 | # | # | |a A |
| 927 | # | # | |a BB |
| 980 | # | # | |a Thư viện Trường Đại học Đà Lạt |